00990cam a2200277 4500001000800000005001700008008004100025010001700066020001500083040001800098043001200116050001700128082002000145100003400165245008500199260004900284300002500333500003200358504004100390650002300431650003300454651005300487942001200540999001700552952014300569455207620020426160347.0730108s1972 nyu bs 001 0 eng  a 72078102  a0030859964 aDLCcDLCdDLC an-us---00aHF1455b.H7800a337.73222bHUD1 aHudson, Michael,d1939-9947510aSuper Imperialism:bthe Economic Strategy of American Empire/cby Michael Hudson aNew York:bHolt, Rinehart and Winston,c1972 axxx, 304 p.;c22 cm. aDonated By:Alaa Abdel Ghany aIncludes bibliographical references. 0aImperialism.99476 0aInternational finance.99477 0aUnited StatesxForeign economic relations.99478 2ddccBB c12942d12942 00102ddc40708 aMAINbMAINc1STd2009-11-19epurchasel0o337.73 HUDp000018986r2025-07-15 00:00:00yBBzDonated by: Alaa Abdel Ghany